| 000 | 02752cam a22004454i 4500 | ||
|---|---|---|---|
| 003 | PE-LiUPU | ||
| 005 | 20250731165417.0 | ||
| 008 | 151209s2012 pe a grm 000 0 spa d | ||
| 035 | _a(Sirsi) a155452 | ||
| 040 |
_aPE-LiUPU _bspa _cPE-LiUPU _erda |
||
| 099 |
_aTF 3 _bF65 2012 |
||
| 100 | 1 |
_aFlores Conislla, Lilia Dina _eautor |
|
| 245 | 1 |
_aRelación entre el maltrato infantil y rendimiento académico de los alumnos de Primaria de la Institución Educactiva "José de la Torre Ugarte" de la ciudad de Pisco, Ica, 2010 / _cLilia Dina Flores Conislla. |
|
| 264 | 0 | _c2012. | |
| 300 |
_a142 hojas : _bilustraciones; _c30 cm |
||
| 336 |
_atext _2rdacontent |
||
| 337 |
_aunmediated _2rdamedia |
||
| 338 |
_avolume _2rdacarrier |
||
| 502 |
_aTesis _b(Mg.) -- _cUniversidad Peruana Unión, _d2012. |
||
| 504 | _aIncluye referencias | ||
| 520 | 3 | _aEsta investigación se realizó con el propósito de conocer, ¿cuál es la relación que existe entre el maltrato infantil y el rendimiento académico de los alumnos del tercer y quinto grado de primaria de la Institución Educativa "José de la Torre Ugarte" de la ciudad de Pisco 2010? Asimismo, para determinar la relación existente entre las variables de estudio, en respuesta a las preguntas de investigación se planteó la hipótesis de que existe una relación inversa y significativa entre el maltrato infantil y el rendimiento académico de estos alumnos. Para lograr los objetivos de la investigación, se utilizó el estudio censal a los alumnos, con el propósito de evaluar el maltrato físico, psicológico, abandono y negligencia de su padre o tutores, además analizar las notas que los alumnos obtuvieron durante el año académico antes mencionado en el área de comunicación integral, lógico matemática y ciencia y ambiente. Se aplicó el estudio censal a 222 alumnos, quienes representan a 06 aulas con 233 estudiantes en el turno de la mañana. Este trabajo es descriptivo correlacional. Los resultados del análisis, de validez y confiabilidad del instrumento son considerados en un 95%. El análisis entre ambas variables, los resultados indicó que, básicamente, es negativa muy débil, no significativas al 0.05. | |
| 526 | _aSEG44 | ||
| 526 | _aSEG26 | ||
| 526 | _aP151 | ||
| 526 | _aP150 | ||
| 526 | _aP149 | ||
| 526 | _aP146 | ||
| 526 | _aP145 | ||
| 526 | _aP126 | ||
| 526 | _aP125 | ||
| 526 | _aP92 | ||
| 526 | _aP75 | ||
| 526 | _aP74 | ||
| 526 | _aP27 | ||
| 526 | _aP15 | ||
| 650 | 0 | 4 |
_aAbuso del niño _xRendimiento académico. |
| 596 | _a1 | ||
| 942 |
_2ddc _cTESIS |
||
| 999 |
_aTF 3 F65 2012 _wALPHANUM _c8131 _iT01287 _d8131 _lCCODEBUL3 _mBUL _q1 _r1 _sY _tTESIS _u2015-12-9 _xPOSGRADO _PP54 _o.STAFF. Tesis |
||
| 980 |
_81 _gALBERTO SANCHEZ Responsable de Automatización |
||